000 00687nam a2200217Ia 4500
003 GCL
008 140319s9999 xx 000 0 ara d
040 _aGCL /
_cGCL
082 0 4 _a205
_bم ر
100 1 _aمحمد جلال محفوظ
245 1 0 _aالربوبية بين العلم والين /
_cمحمد جلال محفوظ
250 _aالاولى
260 _aبيروت :
_bدار العلم ،
_c2002
300 _a159 ص ؛
_c20 سم
490 _aعالم الفلسفة والعرفان
_v7
650 0 4 _aالدين والعلم
650 0 4 _aالدين والفلك
650 0 4 _aالخلق - فلسفة
650 0 4 _aالكونيات، علم
942 _2ddc
_cBK
999 _c5606
_d5606